5HLuxD.jpg

KING HENRY VIII SENIOR AND PRIMARY SCHOOL LIBRARY OPAC

Death and diamonds / (Record no. 3896)

000 -LEADER
fixed length control field 01174cam a22003493a 4500
001 - CONTROL NUMBER
control field 15366114
003 - CONTROL NUMBER IDENTIFIER
control field OSt
005 - DATE AND TIME OF LATEST TRANSACTION
control field 20241118152904.0
008 - FIXED-LENGTH DATA ELEMENTS--GENERAL INFORMATION
fixed length control field 070405s2007 nyua c 000 1 eng d
010 ## - LIBRARY OF CONGRESS CONTROL NUMBER
LC control number 2006934562
020 ## - INTERNATIONAL STANDARD BOOK NUMBER
International Standard Book Number 9781416934028 (pbk.)
035 ## - SYSTEM CONTROL NUMBER
System control number (OCoLC)ocn122376418
040 ## - CATALOGING SOURCE
Original cataloging agency BKX
Transcribing agency BKX
Modifying agency BAKER
-- BTCTA
-- OCLCQ
-- DLC
-- KH8
042 ## - AUTHENTICATION CODE
Authentication code lccopycat
050 00 - LIBRARY OF CONGRESS CALL NUMBER
Classification number CPB Box no. 2756 vol. 19
082 ## - DEWEY DECIMAL CLASSIFICATION NUMBER
Classification number FIC DIX
100 1# - MAIN ENTRY--PERSONAL NAME
Personal name Dixon, Franklin W.
Relator term author.
245 10 - TITLE STATEMENT
Title Death and diamonds /
Statement of responsibility, etc. Franklin W. Dixon.
250 ## - EDITION STATEMENT
Edition statement 1st Aladdin Paperbacks ed.
260 ## - PUBLICATION, DISTRIBUTION, ETC.
Place of publication, distribution, etc. New York :
Name of publisher, distributor, etc. Aladdin Paperbacks,
Date of publication, distribution, etc. 2007.
300 ## - PHYSICAL DESCRIPTION
Extent 170 p. :
Other physical details ill. ;
Dimensions 20 cm.
490 0# - SERIES STATEMENT
Series statement Hardy boys undercover brothers ;
Volume/sequential designation #15
520 ## - SUMMARY, ETC.
Summary, etc. Frank and Joe try to prevent the theft of a valuable collection of diamonds from a show.
650 #0 - SUBJECT ADDED ENTRY--TOPICAL TERM
Topical term or geographic name entry element Theft
Form subdivision Juvenile fiction.
650 #0 - SUBJECT ADDED ENTRY--TOPICAL TERM
Topical term or geographic name entry element Hardy Boys (Fictitious characters)
Form subdivision Fiction.
650 #0 - SUBJECT ADDED ENTRY--TOPICAL TERM
Topical term or geographic name entry element Diamonds
Form subdivision Fiction.
650 #0 - SUBJECT ADDED ENTRY--TOPICAL TERM
Topical term or geographic name entry element Stealing
Form subdivision Fiction.
655 #7 - INDEX TERM--GENRE/FORM
Genre/form data or focus term Mystery fiction.
Source of term gsafd
655 #7 - INDEX TERM--GENRE/FORM
Genre/form data or focus term Young adult fiction.
Source of term lcsh
710 2# - ADDED ENTRY--CORPORATE NAME
Corporate name or jurisdiction name as entry element Copyright Paperback Collection (Library of Congress)
Institution to which field applies DLC
942 ## - ADDED ENTRY ELEMENTS (KOHA)
Source of classification or shelving scheme
Koha item type Books - Fiction
Holdings
Withdrawn status Lost status Source of classification or shelving scheme Damaged status Not for loan Collection code Permanent Location Current Location Shelving location Date acquired Full call number Barcode Date last seen Price effective from Koha item type
          Fiction KH8 Primary School Library KH8 Primary School Library Fiction 2024-11-18 FIC DIX KHPL000004600 2025-12-05 2024-11-18 Books - Fiction

Powered By KH8 IT Dept